[Event "DVM U10 2016"]
[Site "Magdeburg GER"]
[Date "2016.12.27"]
[Round "1"]
[White "Thomas, Anton"]
[Black "Mimkes, Antal"]
[Result "0-1"]
[Termination "normal"]
[Board "22.1"]
[WhiteElo "1187"]
[BlackElo "1168"]
[WhiteTeam "SC Erlangen"]
[BlackTeam "KSV Rochade Göttingen"]
[PlyCount "62"]
[BlackFideId "16265963"]
[EventCountry "GER"]
[EventRounds "7"]
[EventType "team-swiss"]
[EventDate "2016.12.27"]

1. e4 e5 2. Nf3 Nc6 3. Bc4 Nf6 4. Nc3 Nxe4 5. d3 Nxc3 6. bxc3 Bc5 7. Ng5 d5 8.
Bb5 O-O 9. d4 exd4 10. Qd3 Re8+ 11. Kd1 f5 12. cxd4 Be7 13. Re1 Bxg5 14. Rxe8+
Qxe8 15. Bxg5 Qh5+ 16. Qe2 Qxe2+ 17. Bxe2 Nxd4 18. Kd2 Ne6 19. Be7 Kf7 20. Bb4
c5 21. Ba3 b6 22. Bf3 Bb7 23. c4 Rd8 24. Ke1 Nd4 25. Rd1 Nc2+ 26. Ke2 Nxa3 27.
Rc1 Ba6 28. Kd1 dxc4+ 29. Ke1 Ke6 30. Rc3 Rd3 31. Rc1 Ke5 0-1

[Event "DVM U10 2016"]
[Site "Magdeburg GER"]
[Date "2016.12.27"]
[Round "1"]
[White "Schilling, Rumo"]
[Black "Isbilir, Seydi"]
[Result "1-0"]
[Termination "normal"]
[Board "22.2"]
[WhiteElo "600"]
[BlackElo "1091"]
[WhiteTeam "KSV Rochade Göttingen"]
[BlackTeam "SC Erlangen"]
[PlyCount "65"]
[WhiteFideId "16283139"]
[BlackFideId "16267184"]
[EventCountry "GER"]
[EventRounds "7"]
[EventType "team-swiss"]
[EventDate "2016.12.27"]

1. e4 e5 2. Nf3 Nc6 3. Nc3 Nf6 4. d4 exd4 5. Nxd4 Bb4 6. Nxc6 bxc6 7. Bc4 Nxe4
8. Qe2 Qe7 9. f3 d5 10. Bd3 Bf5 11. O-O Bxc3 12. bxc3 O-O 13. fxe4 Bxe4 14.
Bxe4 dxe4 15. Rf4 f5 16. Qc4+ Kh8 17. Qxc6 Rad8 18. Bb2 e3 19. Qa6 e2 20. Re1
Rd1 21. Kf2 Qc5+ 22. Rd4 Rxd4 23. cxd4 Qxc2 24. Rxe2 Qb1 25. Qb5 Qxa2 26. d5 a6
27. Bxg7+ Kxg7 28. Rxa2 Kg6 29. Qxa6+ Kg5 30. Qc6 Kg4 31. h3+ Kg5 32. h4+ Kxh4
33. Qh6+ 1-0

[Event "DVM U10 2016"]
[Site "Magdeburg GER"]
[Date "2016.12.27"]
[Round "1"]
[White "Wolf, Jonas"]
[Black "Liebetanz, Arthur"]
[Result "1-0"]
[Termination "normal"]
[Board "22.3"]
[WhiteElo "902"]
[BlackElo "600"]
[WhiteTeam "SC Erlangen"]
[BlackTeam "KSV Rochade Göttingen"]
[PlyCount "61"]
[WhiteFideId "16269500"]
[EventCountry "GER"]
[EventRounds "7"]
[EventType "team-swiss"]
[EventDate "2016.12.27"]

1. e4 e5 2. Nf3 Nc6 3. Nc3 Nf6 4. Bc4 h6 5. O-O d6 6. d3 Be6 7. Bb3 Bxb3 8.
axb3 d5 9. exd5 Nxd5 10. Nxd5 Qxd5 11. Re1 Bc5 12. Bd2 O-O 13. Be3 Bxe3 14.
Rxe3 Nd4 15. c4 Qc5 16. Nxe5 Rfe8 17. Nf3 Rxe3 18. fxe3 Nxf3+ 19. Qxf3 Rb8 20.
Kh1 Qb6 21. Ra3 Qb4 22. h3 Qe1+ 23. Kh2 a6 24. Qe4 a5 25. Qe7 c6 26. Qc7 Re8
27. e4 Qe3 28. Qxb7 Qxd3 29. Qxc6 Rxe4 30. Qc8+ Kh7 31. Qf5+ {nicht weiter
nachvollziehbar} 1-0

[Event "DVM U10 2016"]
[Site "Magdeburg GER"]
[Date "2016.12.27"]
[Round "1"]
[White "Jonas, Tim"]
[Black "Korek, Jakob Alexander"]
[Result "0-1"]
[Termination "normal"]
[Board "23.1"]
[WhiteElo "1062"]
[BlackElo "1193"]
[WhiteTeam "SF Schwerin"]
[BlackTeam "Schachpinguine Berlin"]
[PlyCount "44"]
[BlackFideId "16240022"]
[EventCountry "GER"]
[EventRounds "7"]
[EventType "team-swiss"]
[EventDate "2016.12.27"]

1. e4 c5 2. Nc3 Nc6 3. Nf3 d6 4. Bc4 Bg4 5. d3 e6 6. Be3 Ne5 7. Bb5+ Nc6 8. d4
a6 9. Bxc6+ bxc6 10. dxc5 dxc5 11. h3 Qxd1+ 12. Nxd1 Bxf3 13. gxf3 Nf6 14. e5
Nd5 15. a3 Rb8 16. f4 Nxe3 17. fxe3 Be7 18. O-O O-O 19. h4 f5 20. exf6 Bxf6 21.
Ra2 Rbd8 22. Kf2 Bxh4+ {nicht weiter nachvollziehbar} 0-1

[Event "DVM U10 2016"]
[Site "Magdeburg GER"]
[Date "2016.12.27"]
[Round "1"]
[White "Gorodezki, Andrey"]
[Black "Quade, Luca"]
[Result "1-0"]
[Termination "normal"]
[Board "23.2"]
[WhiteElo "1085"]
[BlackElo "911"]
[WhiteTeam "Schachpinguine Berlin"]
[BlackTeam "SF Schwerin"]
[PlyCount "61"]
[BlackFideId "34643850"]
[EventCountry "GER"]
[EventRounds "7"]
[EventType "team-swiss"]
[EventDate "2016.12.27"]

1. e4 e5 2. Nf3 Nc6 3. d4 Qf6 4. d5 Nd4 5. Nbd2 d6 6. c3 Nxf3+ 7. Nxf3 Bg4 8.
Be2 Ne7 9. O-O g6 10. Bg5 Qg7 11. h3 Bd7 12. Bc4 f6 13. Be3 g5 14. Qd3 Ng6 15.
b4 Nf4 16. Qd2 Be7 17. a4 O-O 18. b5 f5 19. Bd3 fxe4 20. Bxe4 g4 21. hxg4 Bxg4
22. Rae1 Bh3 23. g3 Bh4 24. Nxh4 Ng2 25. Nxg2 Bxg2 26. Kxg2 Qg4 27. Qd3 c5 28.
Bxh7+ Kg7 29. Be4 b6 30. Rh1 Rh8 31. f3 1-0

[Event "DVM U10 2016"]
[Site "Magdeburg GER"]
[Date "2016.12.27"]
[Round "1"]
[White "Krömer, Jakob"]
[Black "Nguyen, Duc Minh"]
[Result "1/2-1/2"]
[Termination "normal"]
[Board "23.3"]
[WhiteElo "600"]
[BlackElo "851"]
[WhiteTeam "SF Schwerin"]
[BlackTeam "Schachpinguine Berlin"]
[PlyCount "84"]
[EventCountry "GER"]
[EventRounds "7"]
[EventType "team-swiss"]
[EventDate "2016.12.27"]

1. e4 e5 2. Nf3 Nc6 3. Bb5 Nf6 4. Nc3 Bd6 5. O-O O-O 6. d3 h6 7. Be3 b6 8. Bxc6
dxc6 9. h3 Be6 10. d4 exd4 11. Bxd4 c5 12. Be5 Bxe5 13. Nxe5 Re8 14. Nc6 Qxd1
15. Raxd1 Bc4 16. Rfe1 Re6 17. Rd8+ Rxd8 18. Nxd8 Re8 19. e5 Nd5 20. Nc6 f6 21.
e6 Nxc3 22. bxc3 Rxe6 23. Rxe6 Bxe6 24. Nxa7 Bxa2 25. Nb5 Bb1 26. Nxc7 Bxc2 27.
Nd5 b5 28. g4 Be4 29. Ne3 g6 30. Kh2 b4 31. cxb4 cxb4 32. Kg3 g5 33. f3 Bd3 34.
f4 b3 35. Nd1 Bc2 36. Nc3 b2 37. fxg5 hxg5 38. h4 gxh4+ 39. Kxh4 Kg7 40. g5
fxg5+ 41. Kxg5 b1=Q 42. Nxb1 Bxb1 1/2-1/2

[Event "DVM U10 2016"]
[Site "Magdeburg GER"]
[Date "2016.12.27"]
[Round "1"]
[White "Hoffmann, Lucas"]
[Black "Wiechhusen, Laurin-Elias"]
[Result "1-0"]
[Termination "normal"]
[Board "23.4"]
[WhiteElo "853"]
[BlackElo "600"]
[WhiteTeam "Schachpinguine Berlin"]
[BlackTeam "SF Schwerin"]
[PlyCount "58"]
[BlackFideId "34643788"]
[EventCountry "GER"]
[EventRounds "7"]
[EventType "team-swiss"]
[EventDate "2016.12.27"]

1. e4 e5 2. Nf3 Nc6 3. Bb5 d6 4. Bxc6+ bxc6 5. d4 exd4 6. Nxd4 Bd7 7. Bf4 Be7
8. Nc3 Nf6 9. O-O O-O 10. Qe2 Qb8 11. Rab1 c5 12. Ndb5 Qb7 13. e5 dxe5 14. Bxe5
a6 15. Nxc7 Rac8 16. Nxa6 Bb5 17. Qxb5 Qa8 18. Bxf6 Bxf6 19. Nxc5 h6 20. Nd7
Rfd8 21. Nxf6+ gxf6 22. Rbd1 Rxd1 23. Rxd1 Re8 24. h3 Re5 25. Qb4 Rg5 26. g4 f5
27. Rd5 fxg4 28. Rxg5+ hxg5 29. h4 f6 1-0

[Event "DVM U10 2016"]
[Site "Magdeburg GER"]
[Date "2016.12.27"]
[Round "1"]
[White "Schulemann, Gero"]
[Black "Avram, Luca"]
[Result "1-0"]
[Termination "time forfeit"]
[Board "24.1"]
[WhiteElo "1605"]
[BlackElo "1324"]
[WhiteTeam "USV Halle"]
[BlackTeam "SV Hemer"]
[PlyCount "105"]
[WhiteFideId "16227646"]
[BlackFideId "16225627"]
[EventCountry "GER"]
[EventRounds "7"]
[EventType "team-swiss"]
[EventDate "2016.12.27"]

1. e4 e5 2. Nf3 Nc6 3. Bc4 Bc5 4. c3 Nf6 5. d3 d6 6. Nbd2 O-O 7. Nf1 Be6 8. Bb3
Re8 9. Ng3 Qd7 10. O-O Rad8 11. Bg5 Qe7 12. Nh5 h6 13. Nxf6+ gxf6 14. Bxh6 f5
15. exf5 Bxf5 16. Bg5 Qf8 17. Bxd8 Rxd8 18. Ng5 d5 19. Qf3 Bg6 20. Bxd5 Qe7 21.
Ne4 Rxd5 22. Nf6+ Kf8 23. Nxd5 Qd6 24. Rfe1 a6 25. c4 Nd4 26. Qd1 c6 27. Nc3
Qf6 28. Ne4 Bxe4 29. Rxe4 Ne6 30. Qf3 Qxf3 31. gxf3 Bd4 32. Rb1 Ng5 33. Kg2
Nxe4 34. fxe4 Kg7 35. b3 Kg6 36. h4 f6 37. Rh1 Kh5 38. f3 Be3 39. Rh3 Bf4 40.
a4 a5 41. Rh1 Be3 42. Rb1 c5 43. Rb2 Kxh4 44. Rb1 Bd4 45. Rh1+ Kg5 46. Rh7 Be3
47. Rxb7 Bd4 48. Rh7 Kg6 49. Rh4 Kg5 50. Kh3 Kg6 51. f4 exf4 52. Rxf4 Kf7 53.
e5 {Zeitüberschreitung} 1-0

[Event "DVM U10 2016"]
[Site "Magdeburg GER"]
[Date "2016.12.27"]
[Round "1"]
[White "Sultanaliev, Akbar"]
[Black "Graf, Micha"]
[Result "1-0"]
[Termination "normal"]
[Board "24.3"]
[WhiteElo "777"]
[BlackElo "600"]
[WhiteTeam "USV Halle"]
[BlackTeam "SV Hemer"]
[PlyCount "31"]
[EventCountry "GER"]
[EventRounds "7"]
[EventType "team-swiss"]
[EventDate "2016.12.27"]

1. e4 e5 2. Nf3 Nc6 3. Bc4 Bc5 4. d3 Nf6 5. Ng5 O-O 6. O-O Re8 7. Nc3 d6 8. a3
Bg4 9. Qe1 Be2 10. Qxe2 d5 11. exd5 Nd4 12. Qe3 Nxc2 13. Qg3 Nxa1 14. Nxh7 Nxh7
15. Bh6 Bd6 16. Qxg7# 1-0

[Event "DVM U10 2016"]
[Site "Magdeburg GER"]
[Date "2016.12.27"]
[Round "1"]
[White "Leonard, Amanda"]
[Black "Pfumfel, Janne"]
[Result "0-1"]
[Termination "normal"]
[Board "24.4"]
[WhiteElo "600"]
[BlackElo "824"]
[WhiteTeam "SV Hemer"]
[BlackTeam "USV Halle"]
[PlyCount "26"]
[EventCountry "GER"]
[EventRounds "7"]
[EventType "team-swiss"]
[EventDate "2016.12.27"]

1. e4 e5 2. Nf3 Nc6 3. d4 Bb4+ 4. c3 Ba5 5. Bc4 d6 6. O-O Bg4 7. Qd2 Bxf3 8.
gxf3 Qh4 9. h3 Qxh3 10. Bxf7+ Kxf7 11. Re1 Nxd4 12. Qe2 Nxe2+ 13. Rxe2 Ne7 0-1

[Event "DVM U10 2016"]
[Site "Magdeburg GER"]
[Date "2016.12.27"]
[Round "1"]
[White "Przibylla, Thomas"]
[Black "Müller, Helene"]
[Result "0-1"]
[Termination "normal"]
[Board "25.1"]
[WhiteElo "998"]
[BlackElo "1182"]
[WhiteTeam "Langenfelder Schachfreunde"]
[BlackTeam "TSV Kitzscher"]
[PlyCount "34"]
[BlackFideId "16240456"]
[EventCountry "GER"]
[EventRounds "7"]
[EventType "team-swiss"]
[EventDate "2016.12.27"]

1. e4 c5 2. Nf3 d6 3. g3 Nc6 4. Bc4 Nf6 5. Ng5 e6 6. Bb5 Bd7 7. Bxc6 Bxc6 8.
Qe2 g6 9. b3 Bg7 10. O-O Nxe4 11. Nxe4 Bxa1 12. c3 O-O 13. Na3 d5 14. Nxc5 Qd6
15. Nd3 d4 16. Nc2 Qd5 17. Nf4 Qh1# 0-1

[Event "DVM U10 2016"]
[Site "Magdeburg GER"]
[Date "2016.12.27"]
[Round "1"]
[White "Hick, Richard"]
[Black "Brumm, Nico"]
[Result "1-0"]
[Termination "normal"]
[Board "25.2"]
[WhiteElo "1009"]
[BlackElo "901"]
[WhiteTeam "TSV Kitzscher"]
[BlackTeam "Langenfelder Schachfreunde"]
[PlyCount "59"]
[WhiteFideId "16269403"]
[BlackFideId "16257693"]
[EventCountry "GER"]
[EventRounds "7"]
[EventType "team-swiss"]
[EventDate "2016.12.27"]

1. e4 e5 2. Nf3 Nc6 3. d4 d6 4. Bb5 f6 5. d5 a6 6. Bxc6+ bxc6 7. dxc6 Ne7 8.
O-O Nxc6 9. Nc3 Be7 10. a3 O-O 11. Qd5+ Kh8 12. Qxc6 Bd7 13. Qc4 Bb5 14. Nxb5
axb5 15. Qxb5 Rb8 16. Qc4 Qd7 17. Bd2 Rxb2 18. Rfb1 Rbb8 19. Ba5 c6 20. Rb6 c5
21. Rab1 Ra8 22. Qb5 Qc7 23. Ra6 Qc8 24. Rxa8 Qxa8 25. Bc7 Rc8 26. Qb7 Qxb7 27.
Rxb7 h6 28. a4 Ra8 29. a5 Kh7 30. h3 1-0

[Event "DVM U10 2016"]
[Site "Magdeburg GER"]
[Date "2016.12.27"]
[Round "1"]
[White "Lentz, Johannes Carl"]
[Black "Ottlik, Marie"]
[Result "1/2-1/2"]
[Termination "normal"]
[Board "25.3"]
[WhiteElo "600"]
[BlackElo "909"]
[WhiteTeam "Langenfelder Schachfreunde"]
[BlackTeam "TSV Kitzscher"]
[PlyCount "43"]
[BlackFideId "16281730"]
[EventCountry "GER"]
[EventRounds "7"]
[EventType "team-swiss"]
[EventDate "2016.12.27"]

1. e4 e5 2. Nf3 Nc6 3. Bc4 Bc5 4. c3 Nf6 5. d4 exd4 6. e5 Ng4 7. cxd4 Bb4+ 8.
Bd2 Bxd2+ 9. Nbxd2 d6 10. Qe2 d5 11. Bd3 Nb4 12. O-O Nxd3 13. Qxd3 O-O 14. Rfe1
Qe7 15. h3 Nh6 16. Nf1 Qe6 17. Ng5 Qg6 18. Qg3 Nf5 19. Qf4 h6 20. Nf3 Ne7 21.
Ng3 Nf5 22. Nh4 1/2-1/2

[Event "DVM U10 2016"]
[Site "Magdeburg GER"]
[Date "2016.12.27"]
[Round "1"]
[White "Müller, Josef"]
[Black "Koenen, Hugo"]
[Result "1-0"]
[Termination "normal"]
[Board "25.4"]
[WhiteElo "864"]
[BlackElo "600"]
[WhiteTeam "TSV Kitzscher"]
[BlackTeam "Langenfelder Schachfreunde"]
[PlyCount "91"]
[WhiteFideId "16246993"]
[EventCountry "GER"]
[EventRounds "7"]
[EventType "team-swiss"]
[EventDate "2016.12.27"]

1. e4 e5 2. f4 Nc6 3. Nf3 d6 4. Bc4 Be6 5. d3 d5 6. exd5 exf4 7. dxe6 fxe6 8.
Bxf4 Bd6 9. Bxd6 cxd6 10. Bxe6 Nf6 11. Qe2 Qe7 12. Bd5 Ne5 13. Nxe5 dxe5 14.
Nc3 Rd8 15. Bf3 g5 16. Bh5+ Nxh5 17. Qxh5+ Qf7 18. Qxf7+ Kxf7 19. O-O+ Ke7 20.
Rf5 Kd6 21. Rxg5 h6 22. Rg6+ Kc5 23. Ne4+ Kd4 24. Nf6 Rhf8 25. Rf1 Rh8 26. Ng4
Rhg8 27. Rff6 Rgf8 28. Rd6+ Kc5 29. Rxd8 Rxd8 30. Nxe5 Re8 31. Nd7+ Kd5 32.
Nf6+ Ke6 33. Nxe8+ Ke5 34. Rxh6 b5 35. Rf6 a5 36. g4 Kd5 37. g5 Kd4 38. g6 Ke3
39. g7 Kd2 40. g8=Q Kxc2 41. Qb3+ Kd2 42. d4 a4 43. Qc3+ Ke2 44. Rf2+ Kd1 45.
Qd3+ Ke1 46. Qf1# 1-0

[Event "DVM U10 2016"]
[Site "Magdeburg GER"]
[Date "2016.12.27"]
[Round "1"]
[White "Gertz, Amon"]
[Black "Mainka, Ingmar"]
[Result "1/2-1/2"]
[Termination "normal"]
[Board "26.2"]
[WhiteElo "762"]
[BlackElo "1122"]
[WhiteTeam "VfL Gräfenhainichen"]
[BlackTeam "DJK Arminia Eilendorf"]
[PlyCount "50"]
[BlackFideId "16254937"]
[EventCountry "GER"]
[EventRounds "7"]
[EventType "team-swiss"]
[EventDate "2016.12.27"]

1. e4 e5 2. Nf3 Nc6 3. Nc3 Bc5 4. Be2 Nf6 5. d3 h6 6. Bd2 d6 7. O-O O-O 8. h3
Be6 9. Re1 Re8 10. Nb5 a6 11. b4 Bd4 12. Nbxd4 exd4 13. c3 dxc3 14. Bxc3 a5 15.
b5 Ne7 16. Qa4 c6 17. b6 Qxb6 18. Bd4 c5 19. Rab1 Qc7 20. Bxf6 gxf6 21. e5 fxe5
22. Qh4 Nf5 23. Qg4+ Ng7 24. Qe4 d5 25. Qh4 Nf5 1/2-1/2

[Event "DVM U10 2016"]
[Site "Magdeburg GER"]
[Date "2016.12.27"]
[Round "1"]
[White "Debets, Mario"]
[Black "Stockmann, Pit"]
[Result "1-0"]
[Termination "normal"]
[Board "26.3"]
[WhiteElo "1026"]
[BlackElo "735"]
[WhiteTeam "DJK Arminia Eilendorf"]
[BlackTeam "VfL Gräfenhainichen"]
[PlyCount "85"]
[WhiteFideId "16275250"]
[BlackFideId "16247000"]
[EventCountry "GER"]
[EventRounds "7"]
[EventType "team-swiss"]
[EventDate "2016.12.27"]

1. e4 e5 2. Nf3 Nc6 3. Bc4 Nf6 4. Nc3 Nxe4 5. Nxe4 d5 6. Bb3 dxe4 7. Ng1 Bb4 8.
c3 Bc5 9. Qh5 O-O 10. Nh3 g6 11. Qh6 Bxh3 12. Qxh3 Na5 13. Bc2 Nc4 14. Bxe4 Qe7
15. O-O Rad8 16. d3 Nd6 17. Qg3 Nxe4 18. dxe4 Rd7 19. Bg5 Qd6 20. Bh6 Rfd8 21.
Bg5 f6 22. Bh6 Qd1 23. h3 Qh5 24. Be3 Bd6 25. Bxa7 b6 26. Qe3 Bc5 27. Qc1 Ra8
28. b4 Be7 29. Qe3 Rxa7 30. a4 Ra8 31. g4 Qh6 32. Qxh6 g5 33. Rad1 Rxd1 34.
Rxd1 Bf8 35. Qxf6 Bg7 36. Qxg5 Rf8 37. Rd8 Rxd8 38. Qxd8+ Kf7 39. a5 bxa5 40.
bxa5 Bf6 41. Qxc7+ Be7 42. a6 Ke6 43. a7 1-0

[Event "DVM U10 2016"]
[Site "Magdeburg GER"]
[Date "2016.12.27"]
[Round "1"]
[White "Kuhlmann, Nils Magnus"]
[Black "Sassenscheidt, Julius"]
[Result "1-0"]
[Termination "normal"]
[Board "26.4"]
[WhiteElo "600"]
[BlackElo "787"]
[WhiteTeam "VfL Gräfenhainichen"]
[BlackTeam "DJK Arminia Eilendorf"]
[PlyCount "73"]
[WhiteFideId "16287177"]
[BlackFideId "16258509"]
[EventCountry "GER"]
[EventRounds "7"]
[EventType "team-swiss"]
[EventDate "2016.12.27"]

1. e4 d5 2. exd5 Qxd5 3. Nc3 Qd8 4. Bc4 e5 5. Nf3 Bg4 6. O-O Bb4 7. a3 Ba5 8.
b4 Bb6 9. h3 Bh5 10. Bd5 Nc6 11. Qe1 Bxf3 12. Bxf3 Nf6 13. Bxc6+ bxc6 14. Qxe5+
Qe7 15. Qxe7+ Kxe7 16. Re1+ Kd7 17. Na4 Bd4 18. c3 Be5 19. Rxe5 Kd6 20. Rc5
Rhe8 21. Bb2 Re2 22. d4 Rc2 23. Rc1 Rd2 24. c4 Re8 25. Bc3 Rde2 26. b5 Ne4 27.
Rxc6+ Kd7 28. Ba5 Rxf2 29. Rxc7+ Ke6 30. Nc5+ Kf5 31. Rxf7+ Kg6 32. Rxf2 Nxf2
33. Kxf2 Rf8+ 34. Kg1 Rf4 35. d5 Kf6 36. Rf1 Ke5 37. Nd3+ 1-0

[Event "DVM U10 2016"]
[Site "Magdeburg GER"]
[Date "2016.12.27"]
[Round "1"]
[White "Janovskij, Konstantin"]
[Black "Symanski, Linda"]
[Result "1-0"]
[Termination "normal"]
[Board "27.2"]
[WhiteElo "1361"]
[BlackElo "600"]
[WhiteTeam "Hannover 96"]
[BlackTeam "SF Essen-Werden"]
[PlyCount "47"]
[WhiteFideId "16225252"]
[BlackFideId "16284534"]
[EventCountry "GER"]
[EventRounds "7"]
[EventType "team-swiss"]
[EventDate "2016.12.27"]

1. e4 e5 2. Nc3 Nc6 3. Nf3 Nf6 4. Bb5 a6 5. Bxc6 dxc6 6. Nxe5 Bg4 7. Nxg4 Nxg4
8. Qxg4 Bb4 9. Qxg7 Bxc3 10. Qxh8+ Ke7 11. Qxc3 Ke8 12. O-O b5 13. Qxc6+ Kf8
14. Qc5+ Ke8 15. d4 f6 16. Bf4 h5 17. Qxc7 Qxd4 18. Qc6+ Kd8 19. Rfd1 Rc8 20.
Rxd4+ Ke7 21. Qxc8 h4 22. Qd7+ Kf8 23. Bh6+ Kg8 24. Qg7# 1-0

[Event "DVM U10 2016"]
[Site "Magdeburg GER"]
[Date "2016.12.27"]
[Round "1"]
[White "Blume, Leo"]
[Black "Safranski, Gregor"]
[Result "1-0"]
[Termination "normal"]
[Board "27.3"]
[WhiteElo "749"]
[BlackElo "600"]
[WhiteTeam "SF Essen-Werden"]
[BlackTeam "Hannover 96"]
[PlyCount "93"]
[BlackFideId "34641572"]
[EventCountry "GER"]
[EventRounds "7"]
[EventType "team-swiss"]
[EventDate "2016.12.27"]

1. e4 e5 2. Nf3 Nc6 3. Bc4 Nf6 4. Ng5 Qe7 5. O-O h6 6. Nh3 d6 7. Qf3 Bxh3 8.
Qxh3 Nxe4 9. Re1 Nc5 10. Nc3 Nd4 11. Nd5 Qd8 12. Qc3 c6 13. Nb4 Qg5 14. d3 Na4
15. Bxg5 Nxc3 16. bxc3 Nb5 17. Bd2 a6 18. a4 Nc7 19. Bf4 f6 20. d4 O-O-O 21.
Bg3 Re8 22. Bf7 Re7 23. Bg6 exd4 24. cxd4 c5 25. dxc5 dxc5 26. Nd3 Rxe1+ 27.
Rxe1 Kd7 28. Bf5+ Kd8 29. Nf4 Bd6 30. Ne6+ Nxe6 31. Rxe6 Bxg3 32. hxg3 Kc7 33.
Re7+ Kb8 34. Bg6 Rd8 35. Bf5 Rd1+ 36. Kh2 Ra1 37. Rxg7 Rxa4 38. Rf7 Rc4 39.
Rxf6 Ka7 40. Bd3 Ra4 41. Rxh6 b5 42. Re6 b4 43. Be4 c4 44. Bd5 c3 45. g4 Ra1
46. Kg3 a5 47. g5 1-0

[Event "DVM U10 2016"]
[Site "Magdeburg GER"]
[Date "2016.12.27"]
[Round "1"]
[White "Bangiev, Anton"]
[Black "Symanski, Philip"]
[Result "1-0"]
[Termination "normal"]
[Board "27.4"]
[WhiteElo "600"]
[BlackElo "752"]
[WhiteTeam "Hannover 96"]
[BlackTeam "SF Essen-Werden"]
[PlyCount "81"]
[WhiteFideId "16267222"]
[EventCountry "GER"]
[EventRounds "7"]
[EventType "team-swiss"]
[EventDate "2016.12.27"]

1. d4 d5 2. Nf3 Nf6 3. Bg5 Ne4 4. Bh4 Nc6 5. Nc3 Nxc3 6. bxc3 Bg4 7. e3 g6 8.
g3 f6 9. Bg2 e5 10. O-O Be7 11. Rb1 b6 12. Qe2 e4 13. Rfd1 exf3 14. Bxf3 Bxf3
15. Qxf3 O-O 16. e4 f5 17. exf5 Bxh4 18. gxh4 Qxh4 19. Re1 Qd8 20. c4 Nxd4 21.
Qc3 Qg5+ 22. Kf1 Nxf5 23. Qe5 c6 24. Rxb6 Ng3+ 25. hxg3 Qxe5 26. Rxe5 Rfe8 27.
Rxe8+ Rxe8 28. Ra6 Re6 29. cxd5 Rd6 30. dxc6 h5 31. a4 g5 32. a5 h4 33. gxh4
gxh4 34. Kg2 Kf8 35. Rxa7 Rxc6 36. a6 Rxc2 37. Rb7 Ra2 38. a7 Ra4 39. Rb8+ Kg7
40. a8=Q Rxa8 41. Rxa8 1-0

[Event "DVM U10 2016"]
[Site "Magdeburg GER"]
[Date "2016.12.27"]
[Round "1"]
[White "Schmidt, Dirk"]
[Black "Schilay, Vinzenz"]
[Result "1/2-1/2"]
[Termination "normal"]
[Board "28.1"]
[WhiteElo "1030"]
[BlackElo "918"]
[WhiteTeam "SV Empor Erfurt"]
[BlackTeam "SK Neumarkt"]
[PlyCount "46"]
[WhiteFideId "16220544"]
[BlackFideId "12983209"]
[EventCountry "GER"]
[EventRounds "7"]
[EventType "team-swiss"]
[EventDate "2016.12.27"]

1. e4 e5 2. Nf3 Nc6 3. Bc4 Be7 4. d4 Bb4+ 5. c3 Bd6 6. Ng5 exd4 7. Nxf7 Qe7 8.
Qh5 Qxe4+ 9. Be2 g6 10. Nxd6+ cxd6 11. Qh3 b6 12. Nd2 Qf5 13. Qg3 Qe5 14. Qh3
Ba6 15. Qg4 Qxe2+ 16. Qxe2+ Bxe2 17. Kxe2 O-O-O 18. Nf3 Re8+ 19. Kd1 dxc3 20.
bxc3 Nf6 21. c4 Ne4 22. Rf1 Re7 23. Be3 Rhe8 1/2-1/2

[Event "DVM U10 2016"]
[Site "Magdeburg GER"]
[Date "2016.12.27"]
[Round "1"]
[White "Franke, Leonhard"]
[Black "Mantu, Valentin"]
[Result "0-1"]
[Termination "normal"]
[Board "28.2"]
[WhiteElo "773"]
[BlackElo "961"]
[WhiteTeam "SK Neumarkt"]
[BlackTeam "SV Empor Erfurt"]
[PlyCount "44"]
[WhiteFideId "34644806"]
[BlackFideId "16278054"]
[EventCountry "GER"]
[EventRounds "7"]
[EventType "team-swiss"]
[EventDate "2016.12.27"]

1. e4 Nf6 2. Nc3 d6 3. Nf3 b6 4. e5 dxe5 5. Nxe5 Nbd7 6. Nxd7 Qxd7 7. Bb5 c6 8.
Be2 e6 9. O-O Bb7 10. d3 Be7 11. Bg5 O-O 12. Bxf6 Bxf6 13. Ne4 Bxb2 14. Rb1 Be5
15. a4 Qe7 16. d4 Bb8 17. Bd3 Qh4 18. h3 Bc7 19. a5 h6 20. axb6 axb6 21. Rb2
Qf4 22. Qh5 Qh2# 0-1

[Event "DVM U10 2016"]
[Site "Magdeburg GER"]
[Date "2016.12.27"]
[Round "1"]
[White "Weiß, Oskar"]
[Black "Hierl, Andreas"]
[Result "1-0"]
[Termination "normal"]
[Board "28.3"]
[WhiteElo "934"]
[BlackElo "600"]
[WhiteTeam "SV Empor Erfurt"]
[BlackTeam "SK Neumarkt"]
[PlyCount "85"]
[WhiteFideId "16220552"]
[BlackFideId "34660496"]
[EventCountry "GER"]
[EventRounds "7"]
[EventType "team-swiss"]
[EventDate "2016.12.27"]

1. e4 e5 2. Nf3 Nc6 3. Bc4 Nf6 4. Nc3 Be7 5. d3 d6 6. Be3 Bg4 7. h3 Bxf3 8.
gxf3 O-O 9. Rg1 Qd7 10. Qd2 Qxh3 11. Qe2 Qh2 12. O-O-O Nb4 13. Rh1 Qg2 14. Rdg1
Qxg1+ 15. Rxg1 c6 16. a3 Na6 17. Bh6 Nh5 18. Bxa6 bxa6 19. Qf1 f6 20. Bd2 Bd8
21. Rh1 Nf4 22. Bxf4 exf4 23. Ne2 d5 24. exd5 cxd5 25. Nxf4 d4 26. Qg2 f5 27.
Kb1 Bc7 28. Ne6 Rf7 29. Rg1 g6 30. Nxc7 Rxc7 31. f4 Rac8 32. Rc1 Rb8 33. Qd5+
Kh8 34. Qe5+ Rg7 35. Qxb8+ Rg8 36. Qxa7 h6 37. Qxd4+ Rg7 38. Qe3 h5 39. Rg1 Kh7
40. c4 h4 41. Rh1 Kg8 42. Qe8+ Kh7 43. Rxh4# 1-0

[Event "DVM U10 2016"]
[Site "Magdeburg GER"]
[Date "2016.12.27"]
[Round "1"]
[White "Thieme, Simon"]
[Black "Rüttinger, Max"]
[Result "0-1"]
[Termination "normal"]
[Board "28.4"]
[WhiteElo "600"]
[BlackElo "962"]
[WhiteTeam "SK Neumarkt"]
[BlackTeam "SV Empor Erfurt"]
[PlyCount "60"]
[BlackFideId "16278097"]
[EventCountry "GER"]
[EventRounds "7"]
[EventType "team-swiss"]
[EventDate "2016.12.27"]

1. e4 e5 2. Bb5 Nf6 3. Nc3 Bc5 4. Nf3 Nc6 5. Bxc6 dxc6 6. Nb1 Nxe4 7. d3 Nxf2
8. Rf1 Nxd1 9. Kxd1 Bg4 10. h3 Bxf3+ 11. gxf3 Qh4 12. Rh1 Qg3 13. Nc3 Qxf3+ 14.
Ne2 Qxh1+ 15. Kd2 Qxh3 16. a4 Qe3+ 17. Kd1 Qf2 18. c3 Qf1+ 19. Kd2 e4 20. dxe4
O-O-O+ 21. Kc2 Qxe2+ 22. Kb1 Qxe4+ 23. Ka2 b5 24. axb5 cxb5 25. b4 Bf2 26. Ba3
Rd3 27. Kb3 Qc4+ 28. Kb2 Rd2+ 29. Kc1 Be3 30. Rb1 Qf1# 0-1

[Event "DVM U10 2016"]
[Site "Magdeburg GER"]
[Date "2016.12.27"]
[Round "1"]
[White "Schickner, Jano"]
[Black "Lewkowicz, David"]
[Result "1-0"]
[Termination "normal"]
[Board "29.2"]
[WhiteElo "982"]
[BlackElo "600"]
[WhiteTeam "SG Königskinder Hohentübingen"]
[BlackTeam "SK Blauer Springer Paderborn"]
[PlyCount "46"]
[EventCountry "GER"]
[EventRounds "7"]
[EventType "team-swiss"]
[EventDate "2016.12.27"]

1. e4 e5 2. Nf3 d6 3. Nc3 Nc6 4. Bb5 a6 5. Ba4 b5 6. Bb3 Nd4 7. Bd5 Nf6 8. Bxa8
d5 9. Bxd5 Bb4 10. a3 Bd6 11. O-O O-O 12. d3 c6 13. Ba2 Bg4 14. Bg5 h6 15. Be3
Ne6 16. h3 Bxf3 17. Qxf3 g5 18. Bxe6 fxe6 19. b4 h5 20. Bxg5 Qd7 21. Bxf6 Rxf6
22. Qxf6 Qf7 23. Qxf7+ Kxf7 1-0